Pavimentos flexibles. Problemática, metodologías de diseño y tendencias
| Main Author: | |
|---|---|
| Format: | Section = Libro |
| Language: | Undetermined Spanish |
| Published: |
México
IMT
1998
|
| Subjects: |
| LEADER | 00617nam a2200193Ia 4500 | ||
|---|---|---|---|
| 008 | 240829s9999 xx 000 0 und d | ||
| 040 | |a BIBLIOTECA-RUSB/ 625.8 R541 | ||
| 041 | |a spa | ||
| 082 | |a 625.8 R541 | ||
| 100 | 1 | |a Rico Rodríguez, Alfonso | |
| 245 | 1 | 0 | |a Pavimentos flexibles. Problemática, metodologías de diseño y tendencias |
| 260 | |a México |b IMT |c 1998 | ||
| 300 | |a 133 p. :il. | ||
| 650 | 7 | |a PAVIMENTOS FLEXIBLES | |
| 650 | 7 | |b PAVIMENTOS-DISEÑOS | |
| 650 | 7 | |c CARRETERAS-DISEÑO Y CONSTRUCCION. Téllez Gutiérrez, Rodolfo. Garnica Anguas, Paul | |
| 942 | |c BK |2 ddc | ||
| 991 | |a TEXTO | ||
| 999 | |c 3742 | ||